Ideme do Šanghaja na Expo. Kríza nás nezastaví

Bibliographic Details
Main Author: Čavojec, Jozef (Author)
Format: Article
Language:Slovak
PhysicalDescription:Fotogr.
ISSN:1335-440X
Subjects:

MARC

LEADER 00000nab a2200000 ar4500
001 vtls009524525
003 SK-MaSNL
005 20260426091538.0
008 090611c20090505xo dr|n|||||||000 b|slo
015 |a SNBRB2009/06  |2 snkbucl 
040 |a SNKBUCL  |b slo  |c SNKBUCL  |e AACR2 
041 0 |a slo 
044 |a xo  |c SK 
080 |a 061.41  |x (100)  |2 2001 
080 |a 725.91  |x (437.6)  |2 2001 
100 1 |a Čavojec, Jozef  |4 aut  |9 851165 
245 1 0 |a Ideme do Šanghaja na Expo. Kríza nás nezastaví  |c Jozef Čavojec 
300 |b Fotogr. 
611 2 7 |a EXPO  |d (2010 :  |c Šanghaj, Čína)  |2 snkbucl  |9 482815 
650 0 7 |a výstavné pavilóny  |2 snkbucl  |9 89797 
651 7 |a Slovensko  |2 snkbucl  |9 14231 
773 0 |t Sme  |g Roč. 17, č. 102 (5.5.2009), s. 4  |x 1335-440X 
852 |a SNK  |b KIS3GCP 
958 |a SK 
958 |a CN 
999 |c 3028613  |d 3030543